000 00757cam a22001574a 4500
005 20250605164342.0
008 250528s ||||||||||||||||||||||||d
035 _a23665
040 _aGR-AtMCL
_bgre
_dGR-AtMCL
_eAACR2
245 1 _aApplying Herzberg's Theory of Motivation to Managers and Employees of L'Artigiano.
520 _aIntroduction, Herzberg's Two Factor Theory, Vroom's Expectancy Theory, McClelland's Theory, Locke's Theory, Meyer's and Allen's Theory of Commitment, Conclusions, Methodology and Framework, Research Approach, Strategy, Research Design, Bargaining Access, Data Collection, Data Analysis, Conclusions, Well Being at Work, References.
700 1 _aDonald Kellici
_99255
942 _cDS
999 _c8656
_d8656